Zelda Items - Statistics

General Stats
  • This quiz has been taken 37 times
    10 since last reset
  • The average score is 134 of 316
Answer Stats
Game Item % Correct
ALttP | FS | FSA | +8 others Bomb
100%
OoS/OoA Master Sword
90%
ALBW | ALttP | FS | +10 others Boomerang
80%
ALBW | ALttP | FS | +8 others Bow
80%
TLoZ Bow and Arrow
80%
OoT Fairy Bow
80%
OoT Fairy Slingshot
80%
MM | TP Hero's Bow
80%
ALBW | ALttP | LA | +3 others Hookshot
80%
TFH Magic Hammer
80%
LA Ocarina
80%
TMC Small Shield
80%
ALttP Whistle
80%
ALBW | ALttP | MM | +5 others Bottle
70%
MM | OoT Fire Arrow
70%
MM | OoT Ice Arrow
70%
MM | OoT Light Arrow
70%
OoT Longshot
70%
TotK Map
70%
OoT Megaton Hammer
70%
FSA | OoS | SS | TP Slingshot
70%
LA Sword
70%
ALttP Bug Catching Net
60%
BotW/TotK Camera
60%
TP Clawshot
60%
MM | OoT Deku Nut
60%
TLoZ Flute
60%
ALBW | AoL | PH Hammer
60%
AoL Handy Glove
60%
OoT | TP | TWW Iron Boots
60%
LA | OoS/OoA | TMC Mirror Shield
60%
AoL Raft
60%
FS | LA Shield
60%
BotW Stasis
60%
BotW/TotK Amiibo
50%
SS Beetle
50%
MM | OoS/OoA | OoT | PH Bombchu
50%
BotW Cryonis
50%
MM | OoT Deku Stick
50%
OoT Din's Fire
50%
TP Double Clawshot
50%
OoT Farore's Wind
50%
TMC Flame Lantern
50%
TotK Fuse
50%
ALttP Lamp
50%
TP Lantern
50%
MM | OoT Lens of Truth
50%
BotW Magnesis
50%
MM | OoT Ocarina of Time
50%
FS | FSA | LA | TMC Pegasus Boots
50%
FSA | LA | OoS/OoA Roc's Feather
50%
TP Spinner
50%
OoS/OoA Strange Flute
50%
TotK Ultrahand
50%
SS | ST Whip
50%
AoL Whistle
50%
TotK Ascend
40%
TotK Autobuild
40%
TP Ball and Chain
40%
TLoZ Bow and Silver Arrow
40%
SS Bug Net
40%
BotW Cube Remote Bomb
40%
TP Dominion Rod
40%
OoT Fairy Ocarina
40%
ALBW | ALttP | FSA Fire Rod
40%
TP Gale Boomerang
40%
TWW Hero's Bow
40%
OoT Hover Boots
40%
TWW Hyoi Pear
40%
ALBW | ALttP Ice Rod
40%
TLoZ Magical Rod
40%
OoT Nayru's Love
40%
TotK Recall
40%
TMC Remote Bomb
40%
BotW Sphere Remote Bomb
40%
ALttP Bombos Medallion
30%
ALttP Book of Mudora
30%
AoL Candle
30%
ALttP Cane of Somaria
30%
AoL Cross
30%
TWW Deku Leaf
30%
ALttP Ether Medallion
30%
TP Fishing Rod
30%
TMC Four Sword
30%
PH | TWW Grappling Hook
30%
TFH | TMC Gust Jar
30%
ALttP Magic Mirror
30%
LA Magic Rod
30%
LA | OoS/OoA Power Bracelet
30%
ALttP Quake Medallion
30%
ST Sand Wand
30%
ALttP | FSA | LA | +2 others Shovel
30%
TWW Skull Hammer
30%
TWW Tingle Tuner
30%
TMC White Sword
30%
TMC White Sword (2 elements)
30%
TMC White Sword (3 elements)
30%
TWW Wind Waker
30%
OoS/OoA Wooden Sword
30%
TLoZ 2nd Potion
20%
TWW All-Purpose Bait
20%
TP Bombling
20%
ALBW | PH | SS | +2 others Bombs
20%
ALttP Cane of Byrna
20%
FS Chain Chomp
20%
TLoZ Food
20%
MM Great Fairy's Sword
20%
SS Gust Bellows
20%
TP Hawkeye
20%
TP Horse Call
20%
ALBW | FSA Lamp
20%
TLoZ Life Potion
20%
ALttP | TLoZ Magical Boomerang
20%
TWW Magic Armor
20%
ALttP | FSA Magic Hammer
20%
BotW Master Cycle Zero
20%
ALBW Net
20%
MM Pictograph Box
20%
TLoZ Red Candle
20%
FS | OoS | TMC Roc's Cape
20%
TWW Sail
20%
TWW Telescope
20%
TP Water Bomb
20%
OoS/OoA Wooden Shield
20%
OoS/OoA Biggoron's Sword
10%
TLoZ Blue Candle
10%
AoL Boots
10%
ALBW | ST | TMC Bow of Light
10%
TMC Cane of Pacci
10%
OoS/OoA Dimitri's Flute
10%
OoS/OoA Ember Seed
10%
ALBW Foul Fruit
10%
OoS/OoA Gale Seed
10%
TPHD Ghost Lantern
10%
OoS Hyper Slingshot
10%
OoS/OoA Iron Shield
10%
LA Koholint Sword
10%
OoA Long Hook
10%
TMC Magical Boomerang
10%
MM | OoT Magic Bean
10%
OoS Magic Boomerang
10%
ALttP Magic Cape
10%
ALttP | LA Magic Powder
10%
TMC Mole Mitts
10%
OoS/OoA Moosh's Flute
10%
ALttP Mushroom
10%
OoS/OoA Mystery Seed
10%
OoS/OoA Noble Sword
10%
TP Ooccoo
10%
TP Ooccoo jr.
10%
OoS/OoA Pegasus Seed
10%
TWW Picto Box
10%
MM Powder Keg
10%
LA Powerful Bracelet
10%
OoS/OoA Ricky's Flute
10%
OoS Rod of Seasons
10%
ALBW Sand Rod
10%
OoS/OoA Scent Seed
10%
ALBW Scoot Fruit
10%
OoS/OoA Seed Satchel
10%
OoA Seed Shooter
10%
OoA Switch Hook
10%
TWWHD Tingle Bottle
10%
ALBW Tornado Rod
10%
ST Whirlwind
10%
SS Big Bug Net
0%
ALttP Bow with Silver Arrows
0%
SS Clawshots
0%
TWW Deluxe Picto Box
0%
TFH Fire Gloves
0%
FS Gnat Hat
0%
TFH Gripshot
0%
OoA Harp of Ages
0%
ALBW Hint Glasses
0%
SS Hook Beetle
0%
SS Iron Bow
0%
AoL Magical Key
0%
FS Magnetic Glove
0%
OoS Magnetic Gloves
0%
ALBW Nice Bombs
0%
ALBW Nice Boomerang
0%
ALBW Nice Bow
0%
ALBW Nice Fire Rod
0%
ALBW Nice Hammer
0%
ALBW Nice Hookshot
0%
ALBW Nice Ice Rod
0%
ALBW Nice Sand Rod
0%
ALBW Nice Tornado Rod
0%
TMC Ocarina of Wind
0%
OoA Power Gloves
0%
SS Quick Beetle
0%
SS Sacred Bow
0%
SS Scattershot
0%
TMC Smith's Sword
0%
ALBW Super Lamp
0%
ALBW Super Net
0%
SS Tough Beetle
0%
TFH Water Rod
0%
No matching quizzes found
Score Distribution
Percent of People with Each Score
Percentile by Number Answered
Your Score History
You have not taken this quiz since the last reset